| 000 | 01021 a2200253 4500 | ||
|---|---|---|---|
| 003 | Nust | ||
| 005 | 20170207153249.0 | ||
| 010 | _a 98043324 | ||
| 020 | _a0070273898 | ||
| 040 | _cNust | ||
| 082 | 0 | 0 | _a621.3822 |
| 100 | 1 | _aHayes, M. H. | |
| 245 | 1 | 0 |
_aSchaum's outline of theory and problems of digital signal processing / _cMonson H. Hayes. |
| 246 | 3 | _aTheory and problems of digital signal processing | |
| 260 |
_aNew York : _bMcGraw Hill, _cc1999. |
||
| 300 |
_aix, 432 p. : _bill. ; _c28 cm. |
||
| 490 | 0 | _aSchaum's outline series | |
| 500 | _aIncludes index. | ||
| 650 | 0 |
_aSignal processing _xDigital techniques _xOutlines, syllabi, etc. |
|
| 650 | 0 |
_aSignal processing _xDigital techniques _xProblems, exercises, etc. |
|
| 856 | 4 | 2 |
_3Contributor biographical information _uhttp://www.loc.gov/catdir/enhancements/fy0739/98043324-b.html |
| 856 | 4 | 2 |
_3Publisher description _uhttp://www.loc.gov/catdir/description/mh023/98043324.html |
| 856 | 4 | 2 |
_3Table of contents _uhttp://www.loc.gov/catdir/toc/mh022/98043324.html |
| 942 |
_2ddc _cBK |
||
| 999 |
_c182748 _d182748 |
||